Organizational communication : (Record no. 129629)

MARC details
000 -LEADER
fixed length control field 00857nam a22002657a 4500
003 - CONTROL NUMBER IDENTIFIER
control field 0
005 - DATE AND TIME OF LATEST TRANSACTION
control field 20180709130030.0
008 - FIXED-LENGTH DATA ELEMENTS--GENERAL INFORMATION
fixed length control field 0
010 ## - LIBRARY OF CONGRESS CONTROL NUMBER
LC control number A-948379
020 ## - INTERNATIONAL STANDARD BOOK NUMBER
Terms of availability 00.00
035 ## - SYSTEM CONTROL NUMBER
System control number A-948379. A-948380
037 ## - SOURCE OF ACQUISITION
Source of stock number/acquisition Cen Lib/Ret
040 ## - CATALOGING SOURCE
Original cataloging agency DPL
Language of cataloging EN
Transcribing agency 0
082 ## - DEWEY DECIMAL CLASSIFICATION NUMBER
Classification number 658
Item number AND
100 ## - MAIN ENTRY--PERSONAL NAME
Personal name Andrews, Patricia Hayes
9 (RLIN) 26957
245 ## - TITLE STATEMENT
Title Organizational communication :
Statement of responsibility, etc by Patricia Hayes Andrews [and] Richard T. Herschel
Remainder of title empowerment in a technological society /
260 ## - PUBLICATION, DISTRIBUTION, ETC. (IMPRINT)
Place of publication, distribution, etc New Delhi
Name of publisher, distributor, etc A.I.T.B.S. Publishers
Date of publication, distribution, etc 1997
270 ## - ADDRESS
Address J-5/6,Krishan Nagar
City New Delhi
Postal code 110051
300 ## - PHYSICAL DESCRIPTION
Extent 359p.
Dimensions 23cm(Hb)
500 ## - GENERAL NOTE
General note Includes bibliographical reference and index
650 ## - SUBJECT ADDED ENTRY--TOPICAL TERM
Topical term or geographic name as entry element Communication
9 (RLIN) 9469
650 ## - SUBJECT ADDED ENTRY--TOPICAL TERM
Topical term or geographic name as entry element Organizational sociology
9 (RLIN) 9903
700 ## - ADDED ENTRY--PERSONAL NAME
9 (RLIN) 26754
Personal name Herschel, Richard T.
942 ## - ADDED ENTRY ELEMENTS (KOHA)
Source of classification or shelving scheme Dewey Decimal Classification
Koha item type English Books
Classification part 658
Call number suffix AND
Holdings
Withdrawn status Lost status Damaged status Not for loan Home library Current library Date acquired Source of acquisition Cost, normal purchase price Total Checkouts Full call number Barcode Date last seen Date checked out Copy number Cost, replacement price Price effective from Koha item type Public note Source of classification or shelving scheme Collection code
Written off       Central Library Central Library 07/07/2015 Cen Lib/Ret 0.00 1 658 AND A-948379 29/05/2019 15/05/2019 1 0.00 07/07/2015 English Books W/d List No. 6870/18 ; dtd 13/08/2020    
        Patel Nagar Patel Nagar 09/07/2018 BPPD/Pub 0.00   658 AND A-948380 09/07/2018     0.00 09/07/2018 English Books   Dewey Decimal Classification Non-fiction

© Delhi Public Library
Hit Counter
free hit counter